[Event "Unterfranken-ch HT 61th"]
[Site "Kitzingen"]
[Date "2010.04.05"]
[Round "1"]
[White "Bhatia, Dan"]
[Black "Falkenstein, Johannes"]
[Result "0-1"]
[WhiteElo "1434"]
[BlackElo "1532"]
[PlyCount "84"]
[EventDate "2010.04.05"]
[EventType "swiss"]
[EventRounds "9"]
[EventCountry "GER"]
[SourceTitle "EXT 2015"]
[Source "ChessBase"]
[SourceDate "2014.11.20"]
[SourceVersion "1"]
[SourceVersionDate "2014.11.20"]
[SourceQuality "1"]

1. e4 e5 2. Nf3 Nc6 3. Bb5 a6 4. Bxc6 dxc6 5. 0-0 Qf6 6. d3 Be7 7. Be3 c5 8. Nbd2 Bg4 9. Bg5 Qxg5 10. c3 Bxf3 11. Nxf3 Qf6 12. Rc1 0-0-0 13. a3 g5 14. b4 g4 15. Ne1 h5 16. Qc2 Qd6 17. bxc5 Qxc5 18. Ra1 Nh6 19. Qb2 f5 20. Rb1 b6 21. Nc2 fxe4 22. d4 exd4 23. cxd4 Qd5 24. Rfd1 Nf5 25. Rbc1 Rhf8 26. Ne3 Qb5 27. Qc2 Qd7 28. Qxe4 Kb8 29. Nd5 Qxd5 30. Qc2 Bd6 31. Qa4 a5 32. Rd3 Nh4 33. Qc6 Qxc6 34. Rxc6 Rde8 35. Rc1 Re2 36. Rf1 Ra2 37. Re3 Rxa3 38. Re6 Ra2 39. Rh6 Rf5 40. Rh8+ Kb7 41. g3 Nf3+ 42. Kg2 Nxd4 0-1

[Event "Unterfranken-ch HA 56th"]
[Site "Stetten"]
[Date "2005.03.31"]
[Round "7"]
[White "Falkenstein, Johannes"]
[Black "Kirchenmayer, Thomas"]
[Result "1-0"]
[WhiteElo "1353"]
[BlackElo "1289"]
[PlyCount "121"]
[EventDate "2005.03.28"]
[EventType "swiss"]
[EventRounds "9"]
[EventCountry "GER"]
[SourceTitle "EXT 2015"]
[Source "ChessBase"]
[SourceDate "2014.11.20"]
[SourceVersion "1"]
[SourceVersionDate "2014.11.20"]
[SourceQuality "1"]

1. d4 g6 2. Bf4 Bg7 3. Nf3 d5 4. e3 Nf6 5. c4 c6 6. Nc3 e6 7. Qb3 Qb6 8. h3 Qxb3 9. axb3 0-0 10. Bd3 Nh5 11. Bh2 Nd7 12. 0-0 c5 13. Ra4 cxd4 14. exd4 e5 15. Nxe5 Bxe5 16. Bxe5 Nxe5 17. dxe5 dxc4 18. bxc4 Ng7 19. Nb5 Bd7 20. Rxa7 Rxa7 21. Nxa7 Ra8 22. Ra1 Ne6 23. Ra3 Nd8 24. Nb5 Rxa3 25. Nxa3 Bc6 26. c5 Ne6 27. b4 Nf4 28. Bf1 Kf8 29. g3 Ne6 30. Bg2 Nd8 31. f4 Ke7 32. Nc4 Kd7 33. Nd6 Bxg2 34. Kxg2 Kc6 35. Kf3 b6 36. cxb6 Kxb6 37. Ke4 Kc6 38. Kd4 f6 39. b5+ Kd7 40. Kd5 f5 41. g4 fxg4 42. hxg4 Ne6 43. f5 gxf5 44. gxf5 Nf4+ 45. Ke4 Ne2 46. f6 Nc3+ 47. Kf5 Nd5 48. Nc4 Ke8 49. b6 Nb4 50. e6 Nc6 51. b7 Kf8 52. Nb6 Ke8 53. Nd7 h5 54. b8Q+ Nxb8 55. Nxb8 h4 56. Nd7 h3 57. f7+ Kd8 58. f8Q+ Kc7 59. Qh8 h2 60. Qxh2+ Kd8 61. Ne5 1-0

[Event "Unterfranken-ch HA 56th"]
[Site "Stetten"]
[Date "2005.03.29"]
[Round "3"]
[White "Falkenstein, Johannes"]
[Black "Schneider, Johannes"]
[Result "0-1"]
[WhiteElo "1353"]
[BlackElo "1621"]
[PlyCount "114"]
[EventDate "2005.03.28"]
[EventType "swiss"]
[EventRounds "9"]
[EventCountry "GER"]
[SourceTitle "EXT 2015"]
[Source "ChessBase"]
[SourceDate "2014.11.20"]
[SourceVersion "1"]
[SourceVersionDate "2014.11.20"]
[SourceQuality "1"]

1. d4 d5 2. Bf4 Bf5 3. e3 e6 4. c4 Nf6 5. Qb3 b6 6. Nc3 Nc6 7. Qa4 Qd7 8. a3 Na5 9. Nb5 Rc8 10. cxd5 Nxd5 11. Nf3 a6 12. Ne5 Qd8 13. Nd6+ Ke7 14. Nxc8+ Qxc8 15. b4 Nc3 16. Qd7+ Qxd7 17. Nxd7 Nb3 18. Ne5 Nxa1 19. Bxa6 Nc2+ 20. Kd2 Nd5 21. Nc4 Nxf4 22. exf4 Nxd4 23. Ke3 Nc2+ 24. Kf3 Kf6 25. g4 Bd3 26. Rd1 Bxc4 27. Bxc4 Bd6 28. g5+ Ke7 29. Rc1 Nxa3 30. Bd3 Rc8 31. b5 Bc5 32. Rc3 Rd8 33. h4 Rd4 34. h5 g6 35. hxg6 hxg6 36. Kg3 Bd6 37. f3 Rxf4 38. Kg2 Rd4 39. Kf2 Rxd3 40. Rxd3 Nxb5 41. Ke3 Na3 42. Rc3 b5 43. Kd3 b4 44. Rb3 c5 45. Kd2 c4 46. Rxa3 bxa3 47. Kc1 Be5 48. Kb1 c3 49. f4 Bxf4 50. Kc2 a2 51. Kb3 a1Q 52. Kc2 Qa4+ 53. Kxc3 Kd6 54. Kb2 Qc4 55. Ka1 Qb5 56. Ka2 Bc1 57. Ka1 Qb2# 0-1